[Event "Moscow MGSU Rector Cup"]
[Site "Moscow"]
[Date "2012.11.09"]
[Round "2"]
[White "Grishin, Alexander"]
[Black "Khismatullin, Denis Rimovich"]
[Result "1-0"]
[WhiteElo "2219"]
[BlackElo "2646"]
[PlyCount "65"]
[EventDate "2012.11.09"]
[EventType "swiss (rapid)"]
[EventRounds "11"]
[EventCountry "RUS"]
[SourceTitle "EXT 2013"]
[Source "ChessBase"]
[SourceDate "2012.11.22"]
[SourceVersion "1"]
[SourceVersionDate "2012.11.22"]
[SourceQuality "1"]

1. Nf3 c5 2. e3 g6 3. c4 Bg7 4. Nc3 Nf6 5. d4 cxd4 6. exd4 d5 7. b3 0-0 8. Bb2 Nc6 9. h3 b6 10. Be2 Bb7 11. 0-0 Rc8 12. Rc1 Bh6 13. Rb1 e6 14. Ne5 dxc4 15. Nxc6 Bxc6 16. bxc4 Bg7 17. Qb3 Re8 18. Rfd1 Ba8 19. Bf1 Ne4 20. Nb5 Re7 21. Qa4 Bc6 22. Qa6 Rd7 23. Be2 Bxb5 24. Qxb5 Nd6 25. Qa4 Nf5 26. d5 Bxb2 27. Rxb2 exd5 28. Rbd2 d4 29. Bg4 Rc5 30. Qc2 h5 31. Bxf5 Rxf5 32. Qe4 Qf6 33. Qe8+ 1-0

[Event "Moscow op-A"]
[Site "Moscow"]
[Date "2012.01.29"]
[Round "2"]
[White "Aldokhin, Ivan"]
[Black "Grishin, Alexander"]
[Result "1-0"]
[WhiteElo "2376"]
[BlackElo "2241"]
[PlyCount "53"]
[EventDate "2012.01.28"]
[EventType "swiss"]
[EventRounds "9"]
[EventCountry "RUS"]
[SourceTitle "CBM 146 Extra"]
[Source "ChessBase"]
[SourceDate "2012.02.29"]
[SourceVersion "1"]
[SourceVersionDate "2012.02.29"]
[SourceQuality "1"]

1. e4 c6 2. Nc3 d5 3. Nf3 g6 4. d4 dxe4 5. Nxe4 Bg7 6. Bc4 h6 7. 0-0 Nd7 8. h3 Qc7 9. c3 e6 10. g3 g5 11. h4 Ngf6 12. Nxf6+ Nxf6 13. hxg5 hxg5 14. Bxg5 b6 15. Qe2 Bb7 16. Ba6 0-0-0 17. Bf4 Qe7 18. Qc4 Qe8 19. Ne5 c5 20. Bxb7+ Kxb7 21. dxc5 Nd5 22. c6+ Ka8 23. Qa6 Qe7 24. Qb7+ Qxb7 25. cxb7+ Kxb7 26. Nxf7 Nxf4 27. Nxd8+ 1-0

[Event "RUS-chT U20"]
[Site "Rybinsk"]
[Date "2010.08.03"]
[Round "2"]
[White "Minko, Vladimir"]
[Black "Grishin, Alexander"]
[Result "1-0"]
[WhiteElo "2034"]
[BlackElo "2262"]
[PlyCount "75"]
[EventDate "2010.08.02"]
[EventType "team-swiss"]
[EventRounds "9"]
[EventCountry "RUS"]
[SourceTitle "EXT 2011"]
[Source "ChessBase"]
[SourceDate "2010.11.26"]
[SourceVersion "1"]
[SourceVersionDate "2010.11.26"]
[SourceQuality "1"]

1. c4 e6 2. d4 b6 3. Nc3 Bb7 4. e4 d6 5. Bd3 c5 6. d5 exd5 7. exd5 Nf6 8. Nf3 Be7 9. 0-0 0-0 10. Re1 Re8 11. h3 Na6 12. Bc2 Nc7 13. Ba4 Nd7 14. Bf4 a6 15. Qd3 g6 16. Re3 b5 17. cxb5 Nb6 18. bxa6 Bxa6 19. Qc2 Nxa4 20. Qxa4 Bb7 21. Qc4 Qd7 22. Rae1 f6 23. h4 Kf7 24. Re6 Ba6 25. Qb3 Rab8 26. Rxe7+ Qxe7 27. Rxe7+ Kxe7 28. Qc2 Rb4 29. Bg3 Kd7 30. a3 Rg4 31. Qb3 f5 32. Bxd6 Bc4 33. Qb6 Nxd5 34. Nxd5 Bxd5 35. Qc7+ Ke6 36. Ng5+ Kf6 37. Nxh7+ Ke6 38. Be5 1-0

[Event "Moscow op-B"]
[Site "Moscow"]
[Date "2009.11.20"]
[Round "1"]
[White "Grishin, Alexander"]
[Black "Khatnikov, Alexander"]
[Result "1-0"]
[WhiteElo "2231"]
[BlackElo "1958"]
[PlyCount "121"]
[EventDate "2009.01.31"]
[EventType "swiss"]
[EventRounds "9"]
[EventCountry "RUS"]
[SourceTitle "EXT 2012"]
[Source "ChessBase"]
[SourceDate "2011.11.24"]
[SourceVersion "1"]
[SourceVersionDate "2011.11.24"]
[SourceQuality "1"]

1. Nf3 Nf6 2. c4 g6 3. b3 Bg7 4. Bb2 d6 5. d4 0-0 6. g3 Nbd7 7. Nc3 a6 8. Bg2 Rb8 9. Qc2 b5 10. cxb5 axb5 11. Rc1 c5 12. 0-0 Qb6 13. dxc5 Nxc5 14. b4 Ne6 15. Qd3 Bb7 16. e3 Rfc8 17. Nd2 Bxg2 18. Kxg2 Qb7+ 19. f3 Ng4 20. Rfe1 Ne5 21. Qd5 Qxd5 22. Nxd5 Rxc1 23. Rxc1 Nd3 24. Nxe7+ Kf8 25. Bxg7+ Kxe7 26. Rc3 Nxb4 27. Bh6 Nc5 28. a3 Nd5 29. Rc2 Ra8 30. e4 Nb6 31. Rc3 Nba4 32. Rc2 Nb6 33. e5 Rxa3 34. exd6+ Kxd6 35. Bf8+ Ke6 36. Bxc5 Ra6 37. Bxb6 Rxb6 38. Nb3 Kd6 39. Rc5 b4 40. Kf2 Ra6 41. Rc4 Ra2+ 42. Ke3 Rxh2 43. Rxb4 h5 44. Nd4 Ke5 45. Rb6 Rg2 46. f4+ Kd5 47. Ne2 Rh2 48. Rf6 h4 49. gxh4 Rh3+ 50. Kf2 Rxh4 51. Kg3 Rh5 52. Kg4 Rh2 53. Ng3 Rh7 54. Kf3 Rh3 55. Rxf7 Ke6 56. Ra7 Kf6 57. Kg4 Rh2 58. Ne4+ Ke6 59. Ng5+ Kd5 60. Rd7+ Kc6 61. Rg7 1-0

[Event "RUS-chT Clubs U18"]
[Site "Rybinsk"]
[Date "2009.08.02"]
[Round "1"]
[White "Komissarov, Stanislav"]
[Black "Grishin, Alexander"]
[Result "0-1"]
[WhiteElo "1948"]
[BlackElo "2282"]
[PlyCount "42"]
[EventDate "2009.08.02"]
[EventType "team-swiss"]
[EventRounds "9"]
[EventCountry "RUS"]
[SourceTitle "CBM 131 Extra"]
[Source "ChessBase"]
[SourceDate "2009.09.03"]
[SourceVersion "2"]
[SourceVersionDate "2009.09.16"]
[SourceQuality "1"]

1. Nf3 d5 2. g3 Nf6 3. Bg2 c5 4. 0-0 Nc6 5. d3 b6 6. b3 Bb7 7. Bb2 Qc7 8. Nbd2 e5 9. e4 0-0-0 10. exd5 Nxd5 11. Nh4 g6 12. Qe2 Bg7 13. a3 Rhe8 14. Nc4 f5 15. Ne3 Nxe3 16. Qxe3 e4 17. Bxg7 Qxg7 18. dxe4 Nd4 19. Rac1 Bxe4 20. Bxe4 Rxe4 21. Qg5 Rxh4 0-1

[Event "Moscow op-B"]
[Site "Moscow"]
[Date "2009.02.04"]
[Round "5"]
[White "Grishin, Alexander"]
[Black "Polonskiy, Pavel"]
[Result "1-0"]
[WhiteElo "2231"]
[BlackElo "2111"]
[PlyCount "51"]
[EventDate "2009.01.31"]
[EventType "swiss"]
[EventRounds "9"]
[EventCountry "RUS"]
[SourceTitle "EXT 2012"]
[Source "ChessBase"]
[SourceDate "2011.11.24"]
[SourceVersion "1"]
[SourceVersionDate "2011.11.24"]
[SourceQuality "1"]

1. Nf3 e6 2. c4 Nf6 3. b3 Be7 4. Bb2 0-0 5. g3 b6 6. Bg2 Bb7 7. 0-0 c5 8. d4 cxd4 9. Qxd4 Nc6 10. Qf4 d5 11. Rd1 Qb8 12. Qxb8 Raxb8 13. cxd5 Nxd5 14. Nc3 Bf6 15. Na4 Rfd8 16. Bxf6 Nxf6 17. Ne5 Nxe5 18. Bxb7 g5 19. Ba6 Nd5 20. e3 Nb4 21. Be2 Rxd1+ 22. Bxd1 Rd8 23. a3 Na2 24. Be2 Rd2 25. Kf1 g4 26. Ke1 1-0

[Event "Dmitrov Summer op"]
[Site "Dmitrov"]
[Date "2008.07.25"]
[Round "6"]
[White "Grishin, Alexander"]
[Black "Nersesian, Vagram Arshakovich"]
[Result "1-0"]
[WhiteElo "2178"]
[BlackElo "1986"]
[PlyCount "105"]
[EventDate "2008.07.21"]
[EventType "swiss"]
[EventRounds "9"]
[EventCountry "RUS"]
[SourceTitle "EXT 2022"]
[Source "ChessBase"]
[SourceDate "2021.10.06"]
[SourceVersion "1"]
[SourceVersionDate "2021.10.06"]
[SourceQuality "1"]

1. Nf3 d5 2. g3 c6 3. b3 Bf5 4. Bg2 e6 5. Bb2 Nf6 6. 0-0 Be7 7. d3 h6 8. Nbd2 0-0 9. Re1 Bh7 10. e4 dxe4 11. dxe4 Qc7 12. Qe2 a5 13. a4 Na6 14. Rad1 Rfd8 15. Be5 Qb6 16. Nc4 Qa7 17. Nd4 Nc5 18. Bc7 Rf8 19. e5 Nd5 20. Bxa5 Nd3 21. cxd3 Qxd4 22. Be4 b5 23. axb5 cxb5 24. Bxd5 exd5 25. Bb6 Qc3 26. Ne3 Qxb3 27. Bd4 Bb4 28. Rb1 Qa4 29. Ra1 Ba3 30. Bc5 Bxc5 31. Rxa4 bxa4 32. Nxd5 a3 33. Nf4 Bd4 34. Qa2 Rfb8 35. Re2 Bb2 36. h4 Re8 37. Rxb2 axb2 38. Qxb2 Reb8 39. Qc3 Rc8 40. Qd2 Ra3 41. Qb4 Rac3 42. Qd4 g5 43. hxg5 hxg5 44. Nd5 Rxd3 45. Qg4 Rc1+ 46. Kh2 Rdd1 47. Qxg5+ Bg6 48. e6 Rh1+ 49. Kg2 Kf8 50. e7+ Ke8 51. Qe5 Rhg1+ 52. Kf3 Rge1 53. Nf6# 1-0

[Event "Moscow Petrosian Memorial U18"]
[Site "Moscow"]
[Date "2007.01.??"]
[Round "5"]
[White "Grishin, Alexander"]
[Black "Antipov, Mikhail Al"]
[Result "1-0"]
[WhiteElo "1973"]
[BlackElo "1885"]
[PlyCount "79"]
[EventDate "2007.01.??"]
[EventType "swiss"]
[EventRounds "9"]
[EventCountry "RUS"]
[SourceTitle "EXT 2008"]
[Source "ChessBase"]
[SourceDate "2007.11.25"]
[SourceVersion "1"]
[SourceVersionDate "2007.11.25"]
[SourceQuality "1"]

1. Nf3 d5 2. c4 d4 3. g3 g6 4. d3 Bg7 5. Bg2 Nc6 6. 0-0 e5 7. e3 Nge7 8. Re1 0-0 9. exd4 exd4 10. a3 a5 11. b3 Bg4 12. Nbd2 f5 13. h3 Bh5 14. Qc2 Bxf3 15. Nxf3 Qd7 16. Bd2 Rfe8 17. Ng5 Nd8 18. b4 axb4 19. axb4 Rxa1 20. Rxa1 Nec6 21. f4 h6 22. Nf3 Qe7 23. Qb3 Qf7 24. Bf1 b5 25. Rb1 bxc4 26. dxc4 Nb7 27. Bg2 Kh8 28. Ng5 Qd7 29. Nf7+ Kh7 30. Bd5 Nbd8 31. Nxd8 Nxd8 32. b5 Bf8 33. b6 cxb6 34. Qxb6 Ne6 35. Bc6 Qe7 36. Bxe8 Qxe8 37. Re1 d3 38. Qxe6 Bc5+ 39. Kf1 Qa8 40. Qf7+ 1-0

[Event "Moscow Petrosian Memorial U18"]
[Site "Moscow"]
[Date "2007.01.??"]
[Round "7"]
[White "Repina, Varvara"]
[Black "Grishin, Alexander"]
[Result "1-0"]
[WhiteElo "2200"]
[BlackElo "1973"]
[PlyCount "49"]
[EventDate "2007.01.??"]
[EventType "swiss"]
[EventRounds "9"]
[EventCountry "RUS"]
[SourceTitle "EXT 2008"]
[Source "ChessBase"]
[SourceDate "2007.11.25"]
[SourceVersion "1"]
[SourceVersionDate "2007.11.25"]
[SourceQuality "1"]

1. e4 d5 2. exd5 Nf6 3. d4 Bg4 4. Be2 Bxe2 5. Qxe2 Qxd5 6. Nf3 e6 7. 0-0 Nc6 8. Be3 0-0-0 9. c4 Qh5 10. Nc3 h6 11. Rfd1 g5 12. d5 exd5 13. cxd5 Nb4 14. Qc4 Bd6 15. Nb5 g4 16. Nxd6+ Rxd6 17. Bf4 Rd7 18. Ne5 Rxd5 19. Ng6 Rc5 20. Ne7+ Kb8 21. Qxb4 g3 22. Bxg3 Re8 23. Qd4 a5 24. Qxf6 Qe2 25. Re1 1-0

[Event "Moscow Petrosian Memorial U18"]
[Site "Moscow"]
[Date "2007.01.??"]
[Round "9"]
[White "Surikov, Roman"]
[Black "Grishin, Alexander"]
[Result "1/2-1/2"]
[WhiteElo "1917"]
[BlackElo "1973"]
[PlyCount "91"]
[EventDate "2007.01.??"]
[EventType "swiss"]
[EventRounds "9"]
[EventCountry "RUS"]
[SourceTitle "EXT 2008"]
[Source "ChessBase"]
[SourceDate "2007.11.25"]
[SourceVersion "1"]
[SourceVersionDate "2007.11.25"]
[SourceQuality "1"]

1. e4 d5 2. exd5 Nf6 3. d4 Bg4 4. Be2 Bxe2 5. Qxe2 Qxd5 6. Nf3 e6 7. Nc3 Qd7 8. Bg5 Nd5 9. Ne5 Nxc3 10. Qf3 Nd5 11. Nxd7 Nxd7 12. 0-0 c6 13. c4 N5b6 14. b3 h6 15. Bf4 Be7 16. Bc7 0-0 17. Bxb6 Nxb6 18. Rad1 Rad8 19. Rfe1 Bf6 20. Qe4 Rd7 21. Re3 c5 22. d5 exd5 23. cxd5 Bd4 24. Red3 Nxd5 25. h3 Rfd8 26. Qg4 Nb4 27. Rg3 f5 28. Qxf5 Rf7 29. Rxd4 cxd4 30. Qe6 Nd5 31. Rf3 Nf6 32. Rd3 Kf8 33. Qe5 Re7 34. Qc5 Rd5 35. Qxa7 Red7 36. Qb8+ Kf7 37. b4 b5 38. f4 Ne4 39. g4 Nd6 40. f5 Nc4 41. Qf4 Ne3 42. Kf2 Nc4 43. Kg1 Ne5 44. Rxd4 Rxd4 45. Qxe5 Rd1+ 46. Kg2 1/2-1/2